书目信息 |
| 题名: |
GPS辅助空中三角测量原理及应用
|
|
| 作者: | 袁修孝 著 | |
| 分册: | ||
| 出版信息: | 北京 测绘出版社 2001.08 |
|
| 页数: | 176页 | |
| 开本: | 20cm | |
| 丛书名: | ||
| 单 册: | ||
| 中图分类: | P , P228.4 | |
| 科图分类: | ||
| 主题词: | 大地测量学 | |
| 电子资源: | ||
| ISBN: | 7-5030-0979-9 | |
| 000 | 00612nam0 2200205 45 | |
| 001 | 0361854114 | |
| 005 | 2003032517105357 | |
| 010 | @a7-5030-0979-9@dRMB 16.50 | |
| 100 | @a20030325d2001 km y0chiy0120 ea | |
| 101 | 0 | @achi |
| 102 | @aCN@b110000 | |
| 200 | 1 | @aGPS辅助空中三角测量原理及应用@AGPS fu zhu kong zhong san jiao ce liang yuan li ji ying yong@f袁修孝著@Fyuan xiu xiao zhu |
| 210 | @a北京@c测绘出版社@d2001.08 | |
| 215 | @a176页@d20cm | |
| 606 | 0 | @a大地测量学 |
| 690 | @aP@v3 | |
| 690 | @aP228.4@v4 | |
| 701 | 0 | @a袁修孝@Ayuan xiu xiao@4著 |
| 801 | 0 | @aCN@bPFT@c20030325 |
| 905 | @a10447@dP228.4@eY910 | |
| GPS辅助空中三角测量原理及应用/袁修孝著.-北京:测绘出版社,2001.08 |
| 176页;20cm |
| ISBN 7-5030-0979-9:RMB 16.50 |
| ● |
| 相关链接 |
|
|
|
正题名:GPS辅助空中三角测量原理及应用
索取号:P228.4/Y910
 
预约/预借
| 序号 | 登录号 | 条形码 | 馆藏地/架位号 | 状态 | 备注 |
| 1 | 367129 | 203671295 | 自科库401/401自科库 122排2列5层/ [索取号:P228.4/Y910] | 在馆 | |
| 2 | 367130 | 203671302 | 社科二线400B/400B社科库 5排3列4层/ [索取号:P228.4/Y910] | 在馆 | |
| 3 | 367131 | 203671311 | 社科二线400B/400B社科库 5排3列4层/ [索取号:P228.4/Y910] | 在馆 | |
| 4 | 367132 | 203671320 | 社科二线400B/400B社科库 5排3列4层/ [索取号:P228.4/Y910] | 在馆 | |
| 5 | 367133 | 203671339 | 社科二线400B/400B社科库 5排3列4层/ [索取号:P228.4/Y910] | 在馆 |